00826nam a2200205 a 45000010005000000030005000050050017000100080041000270200015000680400020000832450125001032600087002283000010003156500059003256500056003847100057004409420013004979990015005109520095005254715CDMR20131029100203.0130130s1982||||||||||||||||||||||||||||d a8450053250 aCDMRbcatcCDMR00aGuia de la premsa local i comarcalb: Alt Empordà, Baix Empordà, Cerdanya, Garrotxa, Gironès, Ripollès, La Selva aBarcelonac1982bGeneralitat de Catalunya. Departament de Mitjans de Comunicació a71 p.0493717aPremsa comarcalzCatalunyaxManuals, guies, etc.0493923aMitjans de comunicació de massavDirectoris2 93545aDirecció General de Mitjans de Comunicació cMON2udc c4715d4715 00104070aCDMRbCDMRd2013-01-16l0oDu 8/39pCDMR13108045Ar2013-01-16w2013-01-16yMON